| 000 | 01234nam2a2200289 4500 | ||
|---|---|---|---|
| 001 | RU\NLR\bibl\2037709 | ||
| 005 | 20260406064603.0 | ||
| 010 |
_a978-5-038313-5 _bвып. 45 _91200 |
||
| 021 |
_aRU _b2013-34207 _92340 |
||
| 035 | _a(NLR Aleph) 002025072 | ||
| 090 |
_a4523172 _c4523172 |
||
| 100 | _a20130529d2013 |||y0rusy50 ca | ||
| 101 | 0 | _arus | |
| 102 | _aRU | ||
| 105 | _ay ||||||||| | ||
| 200 | 1 |
_aТранбовать - Тыча _f[сост.: Н.И. Андреева-Васина и др. _gотв. ред.: С.А. Мызников] |
|
| 210 | _d2013 | ||
| 215 | _a343 с. | ||
| 461 | 0 |
_1001RU\NLR\bibl\17262 _12001#$aСловарь русских народных говоров$vВып. 45 _972207 _cСПб. _d1998 _fРос. акад. наук, Ин-т лингв. исслед. _nНаука _tСловарь русских народных говоров _y5-02-027894-7 _vВып. 45 |
|
| 702 | 1 |
_4220 _8rus _7ca _aАндреева-Васина _bН. И. _gНина Ивановна _3RU\NLR\auth\7714344 _9124017 |
|
| 702 | 1 |
_aМызников _bС. А. _gСергей Алексеевич _4340 |
|
| 801 | 0 |
_aRU _bNLR _c20130529 _gRCR |
|
| 801 | 1 |
_aRU _bNLR _c20130529 |
|
| 942 | _cBOOK | ||
| 980 | _aNB | ||